Statistiques concernant MotoGP #pilotes espagnols

Cliquez ici pour prendre le quiz!

Statistiques générales

  • Ce quiz a été pris 97 fois
    (6 depuis la dernière actualisation)
  • Le résultat moyen est 24 sur 83

Statistiques - réponses

Réponse% Correct
Alex Marquez
100%
Dani Pedrosa
100%
Marc Marquez
100%
Pedro Acosta
100%
Adrian Fernandez
80%
Adrian Martin
80%
Aleix Espargaro
80%
Alex Rins
80%
Augusto Fernandez
80%
Jorge Lorenzo
80%
Jorge Martin
80%
Pol Espargaro
80%
Raul Fernandez
80%
Aron Canet
60%
Daniel Holgado
60%
Isaac Viñales
60%
Izan Guevara
60%
Joan Mir
60%
Juan Francisco Guevara
60%
Maverick Viñales
60%
Sergio Garcia
60%
Albert Arenas
40%
Alonso Lopez
40%
David Munoz
40%
Fermin Aldeguer
40%
Ivan Ortola
40%
Jose Rueda
40%
Manuel Gonzalez
40%
Marcos Ramirez
40%
Alex Escrig
20%
Alvaro Bautista
20%
Ana Carrasco
20%
Angel Piqueras
20%
Axel Pons
20%
David Almansa
20%
Edgar Pons
20%
Esteve Rabat
20%
Hector Barbera
20%
Iker Lecuona
20%
Jaume Masia
20%
Jeremy Alcoba
20%
Joan Olivé
20%
Joel Esteban
20%
Jordi Torres
20%
Jorge Navarro
20%
Miquel Pons
20%
Ruben Xaus
20%
Toni Elias
20%
Vincente Perez
20%
Xavier Artigas
20%
Xavi Vierge
20%
Alberto Moncayo
0%
Alex Crivillé
0%
Alex Debon
0%
Angel Nieto Jr
0%
Angel Rodriguez
0%
Arturo Tizon
0%
Carlos Checa
0%
Carlos Tatay
0%
David Checa
0%
David Salvador
0%
Efren Vazquez
0%
Elena Rosell
0%
Emilio Alzamora
0%
Fonsi Nieto
0%
Hector Faubel
0%
Hector Garzo
0%
Jordi Carchano
0%
José David de Géa
0%
José Luis Cardoso
0%
Julian Simon
0%
Luis Salom
0%
Manuel Hernandez
0%
Maria Herrera
0%
Nicolas Terol
0%
Oscar Gutierrez
0%
Pablo Nieto
0%
Raùl Jara
0%
Ricard Cardus
0%
Roman Ramos
0%
Sergio Gadea
0%
Sete Gibernau
0%
Xavi Zurutuza
0%

Distribution des résultats

Percentile par nombre de réponses

% des personnes avec chaque résultat

Votre développement - résultats

Vous n’avez pas pris ce quiz depuis la dernière actualisation